000 00290nam a2200109Ia 4500
008 171211s9999 xx 000 0 und d
245 _aNeurological Regeneration
245 _cPhuc Van Pham
260 _c2017
650 _xBiology
856 _uhttp://down.ebook777.com/063/9783319337197.pdf
999 _c350376
_d350376